00513nam a2200145Ia 4500008004100000041000800041082001700049100002200066245004500088260005300133300002900186365000900215999001700224952012600241240624s9999 xx 000 0 und d aeng a658.4092 LAW aLAWRENCE JOANNE T aGLOBALLY RESPONSIBLE LEADERSHIP MANAGING c2013aNew DelhibSage Publications India Pvt Ltd axxiv, : 550p. : cm. ; 24 cb30 c19743d19743 00104070aIMTNbIMTNcRack 29-Bd2012-09-27eWBDg60.00o658.4092 LAWp19743r2024-06-24 00:00:00t58.6w2024-06-24yBK